Quizzes
Events
Quiz Creation
Community
Videos
Private Events
Remove Ads
Sign In
Join for FREE
Feedback
Dark Mode
Quiz Categories
Sports
Geography
Music
Movies
Television
Just For Fun
Miscellaneous
History
Literature
Language
Science
Gaming
Entertainment
Religion
Holiday
For Kids
Quiz Lab
Recent
Popular Today
Quiz Kudos Today
Editor Picks
Curator Picks
Quizzes by...
Day
Popularity
Type
Ratings
Length
Year
Community
Subscriptions
Recent Discussions
Orange Saloon
Badges
Playlists
Quests
Create
Leaderboards
Showdown
Live 5
Trivia Bingo
Activity
Puzzle Library
Sporcle Events
Private Events
Virtual Trivia
Globe League
Become a Host
Pub Owners
SporcleCon
Opinionation
Our Games
Videos
Blog
Mobile Apps
Partnerships
Remove Ads and Go Orange
Feedback
Television
TV Characters
TV Show
Sitcom
Network
Friends
Reality Shows
Cast
South Park
Star Trek
The Simpsons
Doctor Who
Television
TV Characters
TV Show
Sitcom
Network
Friends
Reality Shows
Cast
South Park
Star Trek
The Simpsons
Doctor Who
Random Quiz
Search Sporcle
×
Quiz Lab
Quiz Lab
Television
Character
Type in answers that appear in a list
Type in answers that appear in a list
Classic
Best Score? Go Orange.
The Office Characters Stats
Can you name the The Office Characters?
By
pgroepepr
10m
34 Questions
561 Plays
561 Plays
561 Plays
Comments
Comments
Give Quiz Kudos
Give Quiz Kudos
-
- Ratings
hide this ad
Random Order
Randomize order of answers
Randomize order of answers
Replay
Link that replays current quiz
Next Quiz
Link to next quiz in quiz playlist
You Got
0%
They Got
Avg Score
64%
Avg Friend Score
Upgrade to see
Score Distribution
Jump to the score distribution portion of the page
Score
0/34
Timer
10:00
0
Plays Today
Job
Person
% Correct
Co-
Regional Manager
Jim Halpert
97.5%
Sales Representative
Dwight K. Schrute
95.9%
Co-
Regional Manager
Michael Scott
94.7%
Sales Representative
Pam Beesley
93.8%
Accountant Supervisor
Angela Martin
90.2%
Accountant
Kevin Malone
89.5%
Human Resources Representative
Toby Flenderson
88.8%
Accountant
Oscar Martinez
87.7%
Customer Service Representative
Kelly Kapoor
86.5%
Quality Assurance
Creed Bratton
85%
Sales Representative
Phyllis Lapin
81.8%
Former Corporate Manager
Jan Levinson
81.5%
Sales Representative
Andy Bernard
81.1%
Sales Representative
Ryan Howard
80.6%
Owner of _
_
_
_
_
Refrigeration
Bob Vance
79.9%
Warehouse Foreman
Darryl Philbin
79.1%
Chief Financial Advisor
David Wallace
78.3%
Job
Person
% Correct
Purchasing/
Supplier Relations
Meredith Palmer
77%
Former Warehouse Staff
Roy Anderson
76.5%
Secretary
Erin Hannon
74.3%
Former Human Resources Representative
Holly Flax
69.3%
Beet Farmer
Mose Schrute
64.7%
Former Sales Representative
Karen Filippelli
61.9%
Traveling Sales Manager
Todd Packer
47.8%
Scranton Business Park Security Guard
Hank Tate
46.9%
Co-
Founder
Robert Dunder
41.4%
Former Corporate Manager's Baby
Astrid Levinson
35.5%
Former Supplier/
Convict
Martin Nash
28.7%
Vice President NE Region/
Former Scranton Branch Manager
Charles Miner
27.3%
Sensitivity Trainer
Mr. Brown
23.7%
Former Supplier Relations
Devon White
18.4%
Handicapped Property Manager
Billy Merchant
15.3%
IT-
Technician
Sadiq
7.1%
Watermark Victim Client
Barbara Allen
3.2%
Quiz Playlist
Details
Report
Send in Message
Add To Playlist
Classic:
Type in answers that appear in a list
Random Order:
Randomize order of answers
Last Updated: Feb 16, 2017
Quiz Scoreboard
CHALLENGE
Sign Up to Join the Scoreboard
Show All
Scores
Hide
Comments
May contain spoilers
Recently Published
Presidents Visiting Landmarks
by Hejman
History
7m
An Introduction to Baseball
by treessimontrees
Sports
5m
Movies - When Are They Set?
by FPL_Elf
Movies
5m
More to Explore
Quiz From the Vault
Featured Blog Post
Where Did the Easter Bunny Come From?
hide this ad
You Might Also Like...
Tags
Character
job
office
Person
The Office
Today's Top Quizzes in Television
Browse Television
hide this ad
Today's Top Quizzes in Character
Browse Character
Top Contributed Quizzes in Television
1
One Piece Logic Puzzle
2
5-to-1: The Simpsons Families
3
Survivor Logic Puzzle: Heroes vs. Villains
4
5-to-1: Television Doctors
5
7-to-1: TV Show Settings
6
Survivor Seasons
7
5-to-1: Streaming Originals
8
Survivor Season by Logo
9
One Thing in Common: Television
10
TV Shows by First Names
Explore More
Trending Topics
NBA
Harry Potter
Marvel
Anime
Disney
Kpop
Crossword
WWE
Country
Pokémon
Soccer
The Office
Puzzle
Song
NFL
hide this ad
More By:
pgroepepr
Quiz
Plays
Rating
Category
Featured
Created
The Office Characters
561
2.20
Television
Dec 15, 2009
Universities in Kansas
345
4.00
Just For Fun
Dec 18, 2009
University of Kansas Residence Hall
198
1.33
Just For Fun
Jan 25, 2010
UFC Lightweight Champions
143
Sports
Dec 15, 2009
bohemian rhapsody
92
1.33
Music
Dec 17, 2009
Go to Creator's Profile
Score Distribution
Quiz Creator Spotlight
pgroepepr
Follow
Send a Message
Quizzes Created
-
Created Quiz Play Count
-
More By This Creator
Popular Quizzes Today
1
Find the Countries of Europe - No Outlines Minefield
2
Find the US States - No Outlines Minefield
3
The Countries of the World
4
Popular People in 1961
5
Find the US States
6
US States
7
Risky Map Clicking: Biggest States A-Z
8
1-10 Letter E Words III
More Television Quizzes
How Much Do You Know About American Horror Story?
Quiz Lab
Trending Quizzes
Risky Map Clicking: Least Populous States A-Z
1-10 Letter F Words
1-10 Letter G Words
One Thing in Common: United Kingdom
Risky Map Clicking: Next State Alphabetically
Recently Updated
Leaping Animals
pecheneg
Reality TV Shows (A-Z)
bhenderson79
Rickey Henderson's Hall of Fame Teammates
pecheneg
Champions League XIs: Arsenal
pecheneg
Quick Pick: Celebrities in WWE's Hall of Fame
aduchscher
A-Z Keypad Blitz II
pecheneg
Multiple Oscar Actors
pecheneg
Mystery Phrase Blitz: Oscar 'Best Actors'
pecheneg
F. Scott Fitzgerald Novels
LTH
Pick 3 Villains
ddd62291
Trending Topics
Harry Potter
NBA
Disney
Anime
Kpop
Marvel
Crossword
Puzzle
The Office
Pokémon
Song
NFL
Country
WWE
Soccer
Your Account Isn't Verified!
In order to create a playlist on Sporcle, you need to verify the email address you used during registration. Go to your
Sporcle Settings
to finish the process.
Report this User
Report this user for behavior that violates our
Community Guidelines
.
Details:
Send Report
Go to the Sporcle.com Mobile Site →
Comments